La Corona : periódico liberal periódico liberal
Descripción Física:
; 49 cm
Materias:
Diaris -- Catalunya
MARC
| LEADER | 00000nam a2200000Ia 4500 | ||
|---|---|---|---|
| 003 | BGR | ||
| 005 | 20260324180157.0 | ||
| 008 | 160829s1854 - 1868 xx 000 0 cat d | ||
| 008 | 160829s9999 xx 000 0 cat d | ||
| 080 | |a Revistes ; 951, exp. 1 | ||
| 245 | |a La Corona : |b periódico liberal | ||
| 260 | |a Barcelona : |b el diari, |c 1854 - 1868 | ||
| 300 | |a ; |c 49 cm | ||
| 362 | |a Año 1, núm. 3 (3 nov 1854)-año 15, núm. 441 (26 sept 1868) | ||
| 590 | |a Variació del títol per La Corona de Aragón : periódico dedicado a defender los intereses de Cataluña, Aragón, Valencia y Mallorca, fins a 11 setembre 1957; absorbit i continuat l'any 1868 per Crónica de Cataluña. | ||
| 590 | |a El núm. 13 prové de 381, exp. 1. | ||
| 650 | |a Diaris |x Catalunya |9 47596 | ||
| 710 | 2 | |a Corona de Aragón (Diari) |9 71342 | |
| 710 | 2 | |a Crónica de Cataluña (Diari) |9 71343 | |
| 866 | |a Any 7, 1860 (13); any 9, 1862 (611) | ||
| 901 | |a Arxiu | ||
| 942 | |n 1 |2 udc |c MON | ||
| 952 | |0 0 |1 0 |4 0 |6 REVISTES__951_EXP_1 |7 1 |9 54698 |a Arxiu |b Arxiu |d 2016-12-01 |l 0 |o Revistes ; 951, exp. 1 |r 2016-12-01 00:00:00 |w 2016-12-01 |y ARXIU | ||
| 999 | |c 58567 |d 58567 | ||